000 01876nam0a22002651 4500
001 rc\3534532
005 20250610032958.0
021 _aRU
_b[73-19750]
035 _a(NLR Aleph) 007666927
090 _a6392989
_c6392989
100 _a20130115d1973 |||y0rusy50 ca
101 0 _arus
102 _aRU
105 _aa z |||||
200 1 _aТезисы докладов и сообщений. 26-28 марта 1973 г.
_fЦентр. и Челяб. обл. правл. Науч.-техн. о-ва машиностроит. пром-сти. М-во внешней торговли СССР. Гос. ком. стандартов Совета Министров СССР. Гос. ком. Совета Министров СССР по делам изд-в, полиграфии и книжной торговли. Всесоюз. науч.-техн. семинар "Внедрение прогрессивных форм каталогов деталей и товаросопроводит. документов предприятий на изделия, поставляемые для экспорта"
210 _aЧелябинск
_cБ. и.
_d[1973]
215 _a128 с.
_cил.
_d20
606 _aПромышленное оборудование, экспортное
_jДокументация
_jТезисы докладов
_2psbo
710 1 2 _a"Внедрение прогрессивных форм каталогов деталей и товаросопроводительных документов предприятий на изделия, поставляемые для экспорта", всесоюзный научно-технический семинар
_eЧелябинск
_f1973
_9849129
_3RU\NLR\AUTH\880591820
801 0 _aRU
_bNLR
_gpsbo
801 1 _aRU
_bELAR
_2rusmarc
852 _aNLR
_j73-3/659
942 _cBOOK
980 _aNB